000 00480nam a2200169Ia 4500
008 230524s9999 xx 000 0 und d
082 _a610.3214
_bGRI
100 _aAnthony J.F.Griffiths
_923709
245 0 _aIntroduction to Genetic Analysis
250 _a8TH
260 _aNEWYARK
_bWHF & Company
_c2005
300 _aX;763
500 _aQuantity Number: 1
650 _aBiomedical
700 _a"Susan R.Wessler,Richard C.Lewontin,W.Gelbart , etal.,"
_923710
942 _cBK
999 _c35251
_d35251